| 000 | 02135cam a22005414i 4500 | ||
|---|---|---|---|
| 003 | PE-LiUPU | ||
| 005 | 20250731180157.0 | ||
| 008 | 150616s r 000 0 d | ||
| 020 | _a9681814096 | ||
| 035 | _a(Sirsi) i9789681814090 | ||
| 040 |
_aPE-LiUPU _bspa _cPE-LiUPU _erda |
||
| 049 | _aPRUA | ||
| 082 | 0 | 4 |
_a516.32 _bM42 _221 |
| 100 | 1 |
_aMenna Gonçalves, Zózimo, _eautor. |
|
| 245 | 1 | 0 |
_aGeometría analítica plana : _benfoque vectorial / _cZózimo Menna Gonçalves ; vers. José Refugio Salas Contreras . |
| 264 | 1 |
_aMéxico : _bEditorial Limusa, _c1981. |
|
| 300 |
_a266 páginas : _bilustraciones ; _c23 centímetros |
||
| 336 |
_atext _2rdacontent |
||
| 337 |
_aunmediated _2rdamedia |
||
| 338 |
_avolume _2rdacarrier |
||
| 505 | 0 | _aObjetivo e importancia de la geometria analítica.- Nociones preliminares.- Coordenadas cartesianas.- Líneas planas y ecuaciones.- Recta.- Cambio de los ejes coordenados.- Puntos y curvas imaginarias.- Familia y sistemas de rectas.- Coordenadas homogéneas.- Circunferencia.- Parábola.- Elipse.- Hipérbola.- Cónicas.- Coordenadas polares.- Representación paramédica.- Curvas algebraicas especiales.- Curvas trascendentes. | |
| 526 | _aSEG44 | ||
| 526 | _aSEG26 | ||
| 526 | _aP159 | ||
| 526 | _aP155 | ||
| 526 | _aP154 | ||
| 526 | _aP153 | ||
| 526 | _aP150 | ||
| 526 | _aP100 | ||
| 526 | _aP31 | ||
| 526 | _aP30 | ||
| 526 | _aP26 | ||
| 526 | _aP25 | ||
| 526 | _aP24 | ||
| 526 | _aP22 | ||
| 526 | _aP15 | ||
| 526 | _aP10 | ||
| 650 | 0 | 4 | _aAnálisis vectorial. |
| 650 | 0 | 4 | _aGeometría analítica plana. |
| 700 | 1 |
_aSalas Contreras, José Refugio, _etraductor. |
|
| 910 |
_ajck _bjvq _cjck |
||
| 942 |
_2ddc _cBOOK |
||
| 949 |
_a516.32 M42 _wDEWEY _c1 _i43233 _lCCODEBUL1 _mBUL _r0 _sY _tBOOK _u2015-6-16 _xINGENIERIA _zUNKNOWN _0COMPRA _o.STAFF. Colección General |
||
| 994 |
_aC0 _bPEPRU |
||
| 596 | _a1 | ||
| 999 |
_a516.32 M42 _wDEWEY _c61197 _i43233 _f2021-11-5 _g7 _lCCODEBUL1 _mBUL _r0 _sN _tBOOK _u2015-6-16 _xBIBLIOTECA _zUNKNOWN _0COMPRA _o.STAFF. Colección General _d61197 |
||
| 980 |
_81 _gALBERTO SANCHEZ Responsable de Automatización |
||